Normal view
MARC view
- Urdu Literature
Entry Topical Term
001 - CONTROL NUMBER
- control field: 110337
003 - CONTROL NUMBER IDENTIFIER
- control field: NUST
005 - DATE AND TIME OF LATEST TRANSACTION
- control field: 20230315144114.0
008 - FIXED-LENGTH DATA ELEMENTS
- fixed length control field: 230315|| aca||aabn | a|a d
040 ## - CATALOGING SOURCE
- Original cataloging agency: NUST
- Transcribing agency: NUST
150 ## - HEADING--TOPICAL TERM
- Topical term or geographic name entry element: Urdu Literature
- General subdivision: Naser
670 ## - SOURCE DATA FOUND
- Source citation: Work cat.: (NUST): Imrana, Maqsood 80880, Uljhay Suljhay Anwar / الجھے سلجھے انور (Urdu) /, 2017
